000 00444nam a2200181Ia 4500
008 170705s9999 xx 000 0 und d
020 _a590363212
245 4 _aThe tarantula in my purse :
245 _band 172 other wild pets /
245 _cJean Craighead George.
260 _aNew York :
260 _bScholastic,
260 _c1996
300 _a134 pages :
300 _bcolor illustration ;
300 _c19cm.
500 _a830
999 _c336412
_d336412